000 01069nam a2200265Ia 4500
003 OSt
005 20220923211310.0
006 a|||||r|||| 00| 0
007 ta
008 220922b |||||||| |||| 00| 0 hin d
020 _a9788179754702 (hbk)
_c300
024 _a284,865
037 _b26, 02/02/2015, P. K. Books
_cTextual
040 _aARTS
_cARTS
_bhin
041 _2hin
_ahin
082 _aX.1.N, 152Q1
100 _aसूर्यभान सिंह
245 0 _aभूमण्डलीकरण के दौर में गुटनिरपेक्ष आन्दोलन की प्रासंगिकता
246 _aBhūmaṇḍalīkaraṇ ke daur mean guṭanirapekṣha āndolan kī prāsangikatā
260 _aनई दिल्ली
_b अनामिका पब्लिर्शस
_c2011
300 _a131पृ.
_ccm.
650 _aअर्थशास्त्र
942 _hX.1.N, 152Q1
_cTEXL
_2CC
999 _c298219
_d298219